00698nam a22001817a 4500003000400000005001700004008004100021040001400062100004200076245008700118260001000205300003000215500010900245504002600354942001600380999001500396952010500411OSt20171010095446.0120615t xxu||||| |||| 00| 0 eng d aMMSUcULS aArcangel, Marchita T., et al. 910366 aImprovement of the computerized examination checkercMarchita T. Arcangel, et al.  c2007  axi, [70] leaves c28 cm.  aThesis (BS Computer Engineering) -- Mariano Marcos State University-College of Engineering, Batac City  aBibliography: leaf 44 2ddccTHEDIS c9570d9570 00102lcc4070aREFbREFd2012-06-15l0p3402-Un r2017-10-10w2017-10-10yTHEDISzLibrary Use only